La matrix : manual de usuario : entrenando la flexibilidad psicológica en tres pasos por medio de la terapia de aceptación y compromiso -ACT- /
保存先:
| 主要な著者: | , |
|---|---|
| その他の著者: | , |
| フォーマット: | 電子媒体 eBook |
| 言語: | スペイン語 |
| 出版事項: |
Córdoba, Argentina :
Editorial Brujas,
[2021]
|
| 版: | 1a. edición. |
| シリーズ: | Colección Latinoamérica contextual ;
2. |
| 主題: | |
| オンライン・アクセス: | Digitalia Hispánica |
| タグ: |
タグ追加
タグなし, このレコードへの初めてのタグを付けませんか!
|
MARC
| LEADER | 00000nam a2200000Ii 4500 | ||
|---|---|---|---|
| 001 | DIGBRUJ364 | ||
| 003 | NyNyDIG | ||
| 006 | m o d | ||
| 007 | cr ||||||||||| | ||
| 008 | 220711s2021 ag a ob 000 0 spa d | ||
| 035 | |a (OCoLC)1350509402 | ||
| 040 | |a DGITA |b eng |e rda |e pn |c DGITA | ||
| 020 | |a 9789877603675 |q pdf | ||
| 020 | |z 9789877603620 | ||
| 050 | 1 | 4 | |a RC489.A32 ebook |
| 100 | 1 | |a Olaz, Fabian O., |e author. | |
| 245 | 1 | 3 | |a La matrix : |b manual de usuario : entrenando la flexibilidad psicológica en tres pasos por medio de la terapia de aceptación y compromiso -ACT- / |c Fabián O. Olaz, Kevin Polk ; revisor de estilo, Patricio Vergara Nelson ; ilustraciones, Lucía Reynoso. |
| 250 | |a 1a. edición. | ||
| 264 | 1 | |a Córdoba, Argentina : |b Editorial Brujas, |c [2021] | |
| 300 | |a 1 online resource : |b illustrations. | ||
| 336 | |a text |b txt |2 rdacontent | ||
| 337 | |a computer |b c |2 rdamedia | ||
| 338 | |a online resource |b cr |2 rdacarrier | ||
| 347 | |a text file |2 rdaft | ||
| 347 | |b PDF | ||
| 490 | 1 | |a Colección Latinoamérica contextual ; |v 2 | |
| 504 | |a Includes bibliographical references. | ||
| 588 | 0 | |a Online resource; title from PDF title page (Digitalia, viewed July 11, 2022) | |
| 650 | 0 | |a Acceptance and commitment therapy. | |
| 650 | 0 | |a Psychotherapy. | |
| 655 | 0 | |a Electronic books. | |
| 700 | 1 | |a Polk, Kevin L., |d 1955- |e author. | |
| 700 | 1 | |a Vergara Nelson, Patricio, |e contributor agent of text. | |
| 700 | 1 | |a Reynoso, Lucía, |e illustrations. | |
| 791 | 2 | |a Digitalia (Firm), |e distributor. | |
| 793 | 0 | |g Digitalia eBook Collection: |a Editorial Brujas | |
| 776 | 0 | 8 | |i Print version: |a Olaz, Fabian O. |t Matrix. |d Córdoba, Argentina : Editorial Brujas, [2021] |z 9789877603620 |
| 830 | 0 | |a Colección Latinoamérica contextual ; |v 2. | |
| 856 | 4 | 0 | |3 Digitalia Hispánica |u https://digitalia.unach.elogim.com/a/112176/ |
| 910 | |a Premium collection: 2022 | ||